Le monde non chrétien
Đã lưu trong:
| Tác giả chính: | |
|---|---|
| Định dạng: | Sách |
| Ngôn ngữ: | Tiếng Pháp |
| Được phát hành: |
París
Commission Paritaire des Papiers de Presse
1967
|
| Loạt: | Nouvelle Série, 81
|
| Những chủ đề: | |
| Các nhãn: |
Thêm thẻ
Không có thẻ, Là người đầu tiên thẻ bản ghi này!
|
MARC
| LEADER | 00000nam a2200000 a 4500 | ||
|---|---|---|---|
| 001 | UCH7472 | ||
| 003 | CL-VaPUC | ||
| 008 | 091112e19670000FR |||||||||||||||||fre|d | ||
| 082 | 0 | 4 | |a 280.042 |b LEE |2 21 |
| 100 | 0 | |a Leenhardt, Maurice |e author |9 543932 | |
| 245 | 1 | 3 | |a Le monde non chrétien |
| 300 | |a 59 p | ||
| 942 | |c BK | ||
| 945 | |d 20091112 00:00:00 |a dcastane | ||
| 260 | |a París |b Commission Paritaire des Papiers de Presse |c 1967 | ||
| 650 | 0 | |a Ecumenismo |9 255639 | |
| 650 | 7 | |a IGLESIA COPTA |2 CL-VaPUC |9 543933 | |
| 583 | |a last modification |c 20091112 00:00:00 |k Rodrigo Vera | ||
| 490 | 0 | |a Nouvelle Série, 81 | |
| 999 | |c 338068 |d 338066 | ||
| 952 | |0 0 |1 0 |4 0 |6 280_042000000000000_LEE_1967 |7 0 |8 A |9 430867 |a BIBTEO |b BIBTEO |d 2019-11-22 |i 4612272 |o 280.042 LEE 1967 |p 4612272 |r 2025-01-17 |w 2019-11-22 |y BK |k ICR | ||